| 000 | 00696nam a22002057a 4500 | ||
|---|---|---|---|
| 999 |
_c19763 _d19763 |
||
| 003 | AR-CdUCM | ||
| 008 | 190311b ||||| |||| 00| 0 spa d | ||
| 040 |
_aMUNICIPALIDAD PROVINCIAL DEL CUSCO _cBIBLIOTECA MUNICIPAL DEL CUSCO |
||
| 082 |
_a910.4 / _bOR77 |
||
| 100 |
_aOrtega y Gasset, José _95772 |
||
| 245 | _aViajes y Países / | ||
| 260 |
_aMadrid : _bRevista de Occidente, _c1959. |
||
| 300 |
_a201 paginas ; _c18 cm. |
||
| 440 |
_aColección el arquero _914561 |
||
| 505 | _aContenido : Viaje a España en 1718 -- España como posibilidad -- Cuadros de viaje -- Teoría de Andalucía... | ||
| 650 |
_aHistoria _9136 |
||
| 650 |
_aEspaña _9176 |
||
| 942 |
_2ddc _cLIBROS |
||
| 945 | _arcc | ||